| 000 | 00879nam a22002297a 4500 | ||
|---|---|---|---|
| 003 | BPGM | ||
| 005 | 20260619220614.0 | ||
| 008 | 260619b1997 mx ||||| |||| 001 0 spa d | ||
| 040 |
_aBPGM _bspa |
||
| 041 |
_aspa _hspa |
||
| 082 | 0 | 4 | _2PTM/ 800 |
| 100 | _aLÓPEZ MONTERO, FRANCISCA | ||
| 245 | _aLECTURA Y REDACCION ll | ||
| 260 |
_aQUERÉTARO ; _bESCUELA DE BACHILERES , _c1997 . |
||
| 300 |
_a171 paginas _b21 cm x 16.6 cm |
||
| 336 |
_2rdacontent _atexto _btxt |
||
| 337 |
_2rdamedia _asin mediación _bn |
||
| 338 |
_2rdacarrier _avolumen _bnc |
||
| 505 | _aEL LIBRO DE LECTURA Y REDACCIÓN II DE LA UNIVERSIDAD AUTÓNOMA DE QUERÉTARO (UAQ), UTILIZADO GENERALMENTE EN EL NIVEL MEDIO SUPERIOR (BACHILLERATO), TIENE COMO OBJETIVO PRINCIPAL CONSOLIDAR TUS HABILIDADES COMUNICATIVAS, ARGUMENTATIVAS Y CRÍTICAS. | ||
| 650 | _aLITERATURA Y RETÓRICA | ||
| 942 |
_2ddc _cCOLQ |
||
| 999 |
_c68653 _d68653 |
||